Estimation du taux de partage des risques dans les contrats Ětat-industries spatiales.
Rozbor modelov uzatvárania kontraktov prostredníctvom mikroekonomickej literatúry. Snaha o elimináciu rizika a dostupnosť kvalitných informácií. Pokus o ekonomickú analýzu rôznych typov kontraktov. Projekt zmluvy medzi štátnym výskumným centrom a štyrmi podnikmi vyrábajúcimmi elektroniku. Finančné p...
Salvato in:
| Autore principale: | |
|---|---|
| Altri autori: | |
| Natura: | Capitolo di libro |
| Lingua: | francese |
| Soggetti: | |
| Tags: |
Nessun Tag, puoi essere il primo ad aggiungerne!!
|
MARC
| LEADER | 00000naa a2200000 4500 | ||
|---|---|---|---|
| 001 | r011135 | ||
| 005 | 20220913125310.6 | ||
| 041 | 0 | |a fre | |
| 044 | |a FR | ||
| 245 | 1 | 0 | |a Estimation du taux de partage des risques dans les contrats Ětat-industries spatiales. |c J.-P. Florens, N. Naffrichoux |
| 520 | |a Rozbor modelov uzatvárania kontraktov prostredníctvom mikroekonomickej literatúry. Snaha o elimináciu rizika a dostupnosť kvalitných informácií. Pokus o ekonomickú analýzu rôznych typov kontraktov. Projekt zmluvy medzi štátnym výskumným centrom a štyrmi podnikmi vyrábajúcimmi elektroniku. Finančné podmienky zmluvy. Princíp rozloženia rizika. | ||
| 610 | 2 | 0 | |a riziko |
| 610 | 2 | 0 | |a kontrakty |
| 610 | 2 | 0 | |a zmluvy hospodárske |
| 610 | 2 | 0 | |a modely ekonomické |
| 610 | 2 | 0 | |a elektronika |
| 610 | 2 | 0 | |a zmluvy o spolupráci |
| 610 | 2 | 0 | |a podnik priemyselný |
| 610 | 2 | 0 | |a ústavy výskumné |
| 610 | 2 | 0 | |a informácie |
| 100 | 1 | |a Florens, J.P. | |
| 700 | 1 | |a Naffrichoux, N. | |